Statystyki dla Czasowniki po hiszpańsku cz.1

Kliknij tutaj aby rozwiązać quiz!

Ogólne statystyki

  • Ten quiz został rozwiązany 79 razy
  • Średni wynik to 9 z 20

Statystyki odpowiedzi

HintOdpowiedź% Poprawnych
pićbeber
88%
mówićhablar
84%
jeśćcomer
83%
pisaćescribir
70%
pracowaćtrabajar
70%
spaćdormir
69%
czytaćleer
69%
widziećver
66%
uczyć sięestudiar
63%
gotowaćcocinar
52%
patrzećmirar
50%
biegaćcorrer
47%
sprzątaćlimpiar
38%
słuchać muzykiescuchar música
36%
trenowaćentrenar
16%
chodzićandar
13%
jechaćviajar
13%
rozmawiaćconversar
11%
leżećestar tumbado
3%
oglądaćvisto
3%

Rozkład punktacji

Percentyl według liczby udzielonych odpowiedzi

Procent ludzi z każdym wynikiem

Twoja historia wyników

Nie rozwiązałeś tego quizu